Normal view MARC view

Entry Corporate Name

Number of records used in: 2

001 - CONTROL NUMBER

  • control field: 18502

003 - CONTROL NUMBER IDENTIFIER

  • control field: dpl

005 - DATE AND TIME OF LATEST TRANSACTION

  • control field: 20100906114228.0

008 - FIXED-LENGTH DATA ELEMENTS

  • fixed length control field: 100906|||a|||||| | ||| d

040 ## - CATALOGING SOURCE

  • Original cataloging agency: dpl
  • Transcribing agency: dpl

110 ## - HEADING--CORPORATE NAME

  • Corporate name or jurisdiction name as entry element: Western Cape (South Africa).
  • Subordinate unit: Library Service.

670 ## - SOURCE DATA FOUND

  • Source citation: Work cat.: (dpl)0: The Cape librarian :

670 ## - SOURCE DATA FOUND

  • Source citation: Work cat.: (dpl)0: The Cape librarian :

© Delhi Public Library
Hit Counter
free hit counter